Rivers of North America
"This group of authors includes most of the leading experts in the ecology of North American rivers. They have provided a starting point for investigating our rivers and given us the tools for understanding how our rivers function. Now it is time for us to get to work!"
Saved in:
| Format: | Book |
|---|---|
| Language: | Undetermined |
| Published: |
Amsterdam,Boston
Elsevier/Academic Press
2005.
|
| Subjects: | |
| Tags: |
Add Tag
No Tags, Be the first to tag this record!
|
| Institutions: | Trung tâm Học liệu Trường Đại học Cần Thơ |
|---|
| LEADER | 00914nam a2200205Ia 4500 | ||
|---|---|---|---|
| 001 | CTU_158119 | ||
| 008 | 210402s9999 xx 000 0 und d | ||
| 020 | |c 125.00 | ||
| 082 | |a 551.483 | ||
| 082 | |b R622 | ||
| 245 | 0 | |a Rivers of North America | |
| 245 | 0 | |c edited by Arthur C. Benke & Colbert E. Cushing. | |
| 260 | |a Amsterdam,Boston | ||
| 260 | |b Elsevier/Academic Press | ||
| 260 | |c 2005. | ||
| 520 | |a "This group of authors includes most of the leading experts in the ecology of North American rivers. They have provided a starting point for investigating our rivers and given us the tools for understanding how our rivers function. Now it is time for us to get to work!" | ||
| 650 | |a Rivers,Stream ecology,Con sông,Sinh thái dòng chảy | ||
| 650 | |z North America,North America,Bắc Mỹ,Bắc Mỹ | ||
| 904 | |i Thùy, Năm | ||
| 980 | |a Trung tâm Học liệu Trường Đại học Cần Thơ | ||